Fúnebre memoria de la muerte del rey nuestro señor D. Felipe quarto, el grande

Detalles Bibliográficos
Autor principal: ECHEVERRIA, Juan de ( Fray )
Formato: Libro
Publicado: s.l. s.d.
Materias:
Colección:Banco de datos
Acervo:Biblioteca del Ex Convento de Nuestra Señora de Guadalupe. Zacatecas
Tema general:Homilética
Notas:Regular. XIII,1,2 (4416). Encuadernado con nueve obras más
LEADER 00723nam a22001930004500
035 |a 46698 
036 |a 7882 
100 1 |a ECHEVERRIA, Juan de ( Fray ) 
245 1 0 |a Fúnebre memoria de la muerte del rey nuestro señor D. Felipe quarto, el grande 
260 |a s.l.  |b s.i.  |c s.d. 
500 |a Regular. XIII,1,2 (4416). Encuadernado con nueve obras más 
650 1 0 |a Homilética 
949 |a CRZ-CG 
959 |a Ex convento de Nuestra Señora de Guadalupe, Museo Regional de Zacatecas, Zacatecas  |b CCC4 
960 |a Convento de Nuestra Señora de Guadalupe, Zacatecas  |b DD87 
961 |a Franciscana  |b OF 
942 |c CRZ-CG 
943 |g Biblioteca del Ex Convento de Nuestra Señora de Guadalupe. Zacatecas 
999 |c 970825  |d 970825